Language Quiz

Random Language or German Quiz

German - Present Verbs Quiz Stats

Quiz not verified by Sporcle

Challenge
Share
Tweet
Embed
Score 0/42 Timer 08:00
0 Plays Today
English German % Correct
I sayich sage
77.4%
I believeich glaube
77%
I goich gehe
76.6%
he goeser geht
74.7%
I make/doich mache
74.5%
he sayser sagt
74.3%
she sayssie sagt
74.3%
she makes/doessie macht
74.3%
Dirk saysDirk sagt
73.7%
Anja believesAnja glaubt
73.7%
he believeser glaubt
73.5%
we saywir sagen
73.3%
he makes/doeser macht
73.3%
it sayses sagt
73.1%
we gowir gehen
73.1%
she goessie geht
72.7%
the cats (die Katzen) godie Katzen gehen
72.7%
you godu gehst
72.5%
you saydu sagst
72.3%
the boys (die Jungen) believedie Jungen glauben
72.1%
we make/dowir machen
71.9%
English German % Correct
Silvia makes/doesSilvia macht
71.7%
they believesie glauben
71.5%
you make/dodu machst
71.1%
the dog (der Hund) goesder Hund geht
71.1%
we believewir glauben
70.9%
they gosie gehen
70.9%
they saysie sagen
70.7%
you believedu glaubst
70.7%
it goeses geht
70.5%
they make/dosie machen
70.3%
you guys believeihr glaubt
70.3%
it makes/doeses macht
69.9%
you guys make/doihr macht
69.7%
Kai & Sven make/doKai & Sven machen
69.7%
you guys sayihr sagt
69.3%
you guys goihr geht
68.9%
Heike & Anke sayHeike & Anke sagen
68.1%
you (sir/ma'am) make/doSie machen
66.9%
you (sir/ma'am) believeSie glauben
66.1%
you (sir/ma'am) goSie gehen
65.9%
you (sir/ma'am) saySie sagen
65.7%

You're not logged in!

Compare scores with friends on all Sporcle quizzes.
Join for Free
OR
Log In

You Might Also Like...

Show Comments

Extras

Top Quizzes Today


Score Distribution

Your Account Isn't Verified!

In order to create a playlist on Sporcle, you need to verify the email address you used during registration. Go to your Sporcle Settings to finish the process.

Report this User

Report this user for behavior that violates our Community Guidelines.

Details: